000 00426nam a2200181Ia 4500
008 210210b1897 xxu||||| |||| 00| 0 eng d
041 _aeng
082 _a826/40
100 _aDOBSON (A)
245 _aHandbook of english literature
260 _aLondon
_bNot Mentioned
_c1897
650 _aof
650 _aliterature
650 _aHandbook
650 _aenglish
690 _aHistory of Literature
906 _a015589
999 _c134977
_d134977